[Event "OP-2013-0-03158"]
[Site "LSS email"]
[Date "2013.12.06"]
[Round "?"]
[White "Dlugolecki, Grzegorz"]
[Black "Odonel Rodrigues, Paulo"]
[Result "1/2-1/2"]
[WhiteElo "1522"]
[BlackElo "1756"]
[PlyCount "94"]
[EventDate "2013.12.03"]
[EventType "tourn (corr)"]
[EventRounds "4"]
[EventCountry "GER"]
[SourceTitle "Telechess CBM 167"]
[Source "ChessBase"]
[SourceDate "2015.07.13"]
[SourceVersion "1"]
[SourceVersionDate "2015.07.13"]
[SourceQuality "1"]

1. e4 e5 2. Nf3 Nc6 3. Bb5 a6 4. Ba4 Nf6 5. 0-0 b5 6. Bb3 Bc5 7. a4 Bb7 8. d3 b4 9. c3 0-0 10. d4 Bd6 11. Re1 bxc3 12. bxc3 Qe7 13. Nbd2 Na5 14. Ba2 Rae8 15. Qc2 c5 16. d5 Bc7 17. Nf1 d6 18. Nh4 Bc8 19. Ng3 g6 20. Bg5 h6 21. Bxh6 Ng4 22. Nxg6 fxg6 23. Bxf8 Rxf8 24. Re2 Qh4 25. Nf1 Kg7 26. f3 Nf6 27. Rb1 Nd7 28. Kh1 Nb6 29. c4 Bd7 30. Qd3 Nxa4 31. Bb3 Nxb3 32. Rxb3 Nb6 33. Reb2 Qd8 34. Rb1 a5 35. R3b2 a4 36. Ne3 Qb8 37. Qc3 Qa7 38. Nc2 Rf7 39. Qd3 Bd8 40. Na3 Be8 41. Qc2 Rb7 42. Qd2 Rb8 43. Kg1 Qf7 44. Qc3 Rb7 45. Nc2 Bd7 46. Na3 Qf8 47. Qd2 Kg8 1/2-1/2

[Event "OP-2013-0-03158"]
[Site "LSS email"]
[Date "2013.12.06"]
[Round "?"]
[White "Odonel Rodrigues, Paulo"]
[Black "Lenz, Juergen"]
[Result "1-0"]
[WhiteElo "1756"]
[BlackElo "1087"]
[PlyCount "43"]
[EventDate "2013.12.03"]
[EventType "tourn (corr)"]
[EventRounds "4"]
[EventCountry "GER"]
[SourceTitle "Telechess CBM 167"]
[Source "ChessBase"]
[SourceDate "2015.07.13"]
[SourceVersion "1"]
[SourceVersionDate "2015.07.13"]
[SourceQuality "1"]

1. d4 c5 2. d5 Nf6 3. Nc3 Qa5 4. Bd2 b5 5. e4 b4 6. e5 bxc3 7. Bxc3 Qb6 8. exf6 gxf6 9. Qh5 d6 10. Nh3 Nd7 11. Ng5 fxg5 12. Bxh8 Ne5 13. Bxe5 dxe5 14. 0-0-0 Bf5 15. Qf3 Bg6 16. Bd3 Rb8 17. b3 Bg7 18. h4 Qa5 19. Bxg6 hxg6 20. d6 Qa3+ 21. Kd2 exd6 22. Qc6+ 1-0

[Event "ZI-2012-0-01363"]
[Site "LSS email"]
[Date "2012.08.13"]
[Round "?"]
[White "Mostowik, Daniel"]
[Black "Odonel Rodrigues, Paulo"]
[Result "0-1"]
[WhiteElo "1684"]
[BlackElo "1741"]
[PlyCount "74"]
[EventDate "2012.08.06"]
[EventType "match (corr)"]
[EventRounds "2"]
[EventCountry "GER"]
[SourceTitle "Telechess CBM 163"]
[Source "ChessBase"]
[SourceDate "2014.11.11"]
[SourceVersion "2"]
[SourceVersionDate "2014.11.11"]
[SourceQuality "1"]

1. Nf3 d5 2. d4 Nf6 3. g3 c5 4. dxc5 e6 5. c4 Bxc5 6. cxd5 Qb6 7. e3 Nxd5 8. Bg2 0-0 9. 0-0 Rd8 10. Qe2 Bd7 11. Nbd2 Bb5 12. Nc4 Qa6 13. b3 Nc6 14. Bb2 Ba3 15. Bxa3 Qxa3 16. Nxa3 Bxe2 17. Rfc1 Rac8 18. Nc4 f6 19. Ncd2 Kf7 20. Bf1 Bxf1 21. Kxf1 g5 22. h3 Ncb4 23. Nc4 Ke7 24. Nd4 Nd3 25. Rd1 Nc5 26. Kg2 Ne4 27. a4 f5 28. Na5 Rc7 29. Nc4 Kf6 30. g4 f4 31. Rf1 a6 32. Kf3 Nc5 33. h4 h6 34. hxg5+ hxg5 35. Rh1 fxe3 36. Rh6+ Kg7 37. Rxe6 Nxb3 0-1

[Event "LSS WC-2014-P-00006"]
[Site "LSS email"]
[Date "2010.02.18"]
[Round "?"]
[White "Martucci, Massimo"]
[Black "Odonel Rodrigues, Paulo"]
[Result "0-1"]
[WhiteElo "1891"]
[BlackElo "1646"]
[PlyCount "82"]
[EventDate "2010.02.24"]
[EventType "tourn (corr)"]
[EventRounds "10"]
[EventCountry "GER"]
[SourceTitle "Telechess CBM 141"]
[Source "ChessBase"]
[SourceDate "2011.03.17"]
[SourceVersion "1"]
[SourceVersionDate "2011.03.17"]
[SourceQuality "1"]

1. Nf3 d5 2. d4 Nf6 3. c4 e6 4. Nc3 Bb4 5. cxd5 exd5 6. Bg5 h6 7. Bh4 g5 8. Bg3 0-0 9. e3 Ne4 10. Nd2 Nxc3 11. bxc3 Bxc3 12. Rc1 Bb4 13. Qh5 c5 14. Qxh6 Bf5 15. Be2 f6 16. Bh5 c4 17. h4 g4 18. Bg6 Qd7 19. Qh5 Bxg6 20. Qxg6+ Kh8 21. h5 Nc6 22. h6 Rf7 23. Kd1 Ba3 24. Bh4 Qe6 25. Rc3 Rg8 26. Qh5 Bb4 27. Rc2 Bf8 28. a3 Bxa3 29. Nb1 Bb4 30. Nd2 Bf8 31. Nb1 Nb4 32. Nc3 Nxc2 33. Kxc2 f5 34. Bg3 Rg6 35. Bf4 Kh7 36. Qh4 Be7 37. Qg3 Bb4 38. e4 Bxc3 39. Kxc3 Qe8 40. exf5 Rb6 41. Qxg4 Qe4 0-1

[Event "LSS WC-2014-P-00006"]
[Site "LSS email"]
[Date "2010.02.18"]
[Round "?"]
[White "Odonel Rodrigues, Paulo"]
[Black "Lipsits, Sasha"]
[Result "1-0"]
[WhiteElo "1646"]
[BlackElo "1562"]
[PlyCount "87"]
[EventDate "2010.02.24"]
[EventType "tourn (corr)"]
[EventRounds "10"]
[EventCountry "GER"]
[SourceTitle "Corr 2013"]
[Source "ChessBase"]
[SourceDate "2012.11.12"]
[SourceVersion "1"]
[SourceVersionDate "2012.11.12"]
[SourceQuality "1"]
[WhiteTeam "US of America"]
[BlackTeam "US of America"]
[WhiteTeamCountry "USA"]
[BlackTeamCountry "USA"]

1. e4 c6 2. d4 d5 3. e5 Bf5 4. Bd3 Bxd3 5. Qxd3 e6 6. Nf3 Nd7 7. Nc3 Bb4 8. 0-0 Bxc3 9. Qxc3 Ne7 10. Re1 h6 11. b3 0-0 12. Ba3 Re8 13. Qd2 Nf5 14. c4 Nf8 15. g3 Ng6 16. h4 h5 17. Red1 Rc8 18. Rab1 Qc7 19. Qg5 Rcd8 20. Qxh5 Qa5 21. Bd6 dxc4 22. Ng5 Nxd6 23. bxc4 Nf5 24. Qh7+ Kf8 25. h5 Nxe5 26. dxe5 Rxd1+ 27. Rxd1 Rd8 28. Rb1 b6 29. h6 Nxh6 30. Qh8+ Ke7 31. Qxg7 Qxa2 32. Re1 Qa5 33. Kf1 Qc5 34. Qxh6 Qxc4+ 35. Kg1 Rd7 36. Qf6+ Ke8 37. Qh8+ Ke7 38. Qg8 Qd3 39. Qxf7+ Kd8 40. Nxe6+ Kc8 41. Qf8+ Kb7 42. Nc5+ bxc5 43. e6 Rh7 44. e7 1-0

[Event "LSS WC-2014-P-00006"]
[Site "LSS email"]
[Date "2010.02.18"]
[Round "?"]
[White "Tarmak, Mart"]
[Black "Odonel Rodrigues, Paulo"]
[Result "0-1"]
[WhiteElo "1993"]
[BlackElo "1646"]
[PlyCount "102"]
[EventDate "2010.02.24"]
[EventType "tourn (corr)"]
[EventRounds "10"]
[EventCountry "GER"]
[SourceTitle "Telechess CBM 141"]
[Source "ChessBase"]
[SourceDate "2011.03.17"]
[SourceVersion "1"]
[SourceVersionDate "2011.03.17"]
[SourceQuality "1"]

1. e4 c5 2. Nf3 Nc6 3. c3 Nf6 4. e5 Nd5 5. Bc4 Nb6 6. Bb3 c4 7. Bc2 d6 8. exd6 Qxd6 9. 0-0 Bg4 10. Qe2 Qf6 11. Be4 Ne5 12. Bxb7 Nxf3+ 13. Bxf3 Bxf3 14. Qxf3 Qxf3 15. gxf3 e6 16. b3 0-0-0 17. Re1 Rd3 18. Re3 Nd5 19. Rxd3 cxd3 20. Ba3 Nf4 21. Bxf8 Rxf8 22. Kh1 e5 23. Na3 Kd7 24. Re1 f6 25. Re4 Rc8 26. Nc4 Rc6 27. h4 h5 28. Nb2 Ke6 29. Ra4 a6 30. Kh2 g5 31. hxg5 fxg5 32. Nc4 Ng6 33. Kg3 Ne7 34. Ra5 Ng6 35. a4 Kf6 36. Rd5 Nf4 37. Rd8 h4+ 38. Kg4 Kg7 39. Rd7+ Kf6 40. Rf7+ Kxf7 41. Nxe5+ Ke6 42. Nxc6 Kd6 43. Nd4 Ke5 44. a5 h3 45. Kg3 Ne2+ 46. Kxh3 Nxc3 47. Nc6+ Kf4 48. Kg2 Nd5 49. b4 Nc7 50. Nb8 Ke5 51. Kg3 Kf5 0-1

[Event "IECG WC.2013.P.00002 email"]
[Site "IECG email"]
[Date "2009.02.18"]
[Round "?"]
[White "Hrvacic, Pavle"]
[Black "Odonel Rodrigues, Paulo"]
[Result "1-0"]
[WhiteElo "2008"]
[BlackElo "1612"]
[PlyCount "95"]
[EventDate "2009.02.18"]
[EventType "tourn (corr)"]
[EventRounds "10"]
[SourceTitle "Corr 2024"]
[Source "ChessBase"]
[SourceDate "2023.10.19"]
[SourceVersion "1"]
[SourceVersionDate "2023.10.19"]
[SourceQuality "1"]

1. e4 c5 2. c3 d5 3. exd5 Qxd5 4. d4 Nc6 5. Nf3 Bg4 6. Be2 cxd4 7. cxd4 Nf6 8. Nc3 Qa5 9. h3 Bxf3 10. Bxf3 e5 11. Bxc6+ bxc6 12. Qe2 Bd6 13. f4 e4 14. 0-0 0-0 15. Nxe4 Be7 16. Ng5 Rfe8 17. Nf3 Rac8 18. Ne5 Qb5 19. Qd3 Nd5 20. Qf5 Bf6 21. Qd7 Be7 22. b3 Qb6 23. Bb2 g6 24. Nc4 Qa6 25. Qg4 f5 26. Qf3 Bb4 27. Ne5 Bd2 28. g3 Rcd8 29. Kh2 Re6 30. a3 Ba5 31. Rac1 Ne7 32. Rc4 Bb6 33. Rd1 Qb7 34. Rdc1 Qa6 35. R1c2 Qb5 36. a4 Qd5 37. Qg2 Re8 38. b4 Kf8 39. a5 Qxg2+ 40. Kxg2 Bc7 41. Nxc6 Nxc6 42. Rxc6 Rxc6 43. Rxc6 Bxa5 44. bxa5 Re2+ 45. Kf3 Rxb2 46. Rc8+ Ke7 47. Rc7+ Kd6 48. Rxa7 1-0

[Event "IECG WC.2013.P.00002 email"]
[Site "IECG email"]
[Date "2009.02.18"]
[Round "?"]
[White "Odonel Rodrigues, Paulo"]
[Black "Morin, Stephane"]
[Result "1/2-1/2"]
[WhiteElo "1612"]
[BlackElo "2105"]
[PlyCount "64"]
[EventDate "2009.02.18"]
[EventType "tourn (corr)"]
[EventRounds "10"]
[SourceTitle "Corr 2024"]
[Source "ChessBase"]
[SourceDate "2023.10.19"]
[SourceVersion "1"]
[SourceVersionDate "2023.10.19"]
[SourceQuality "1"]

1. d4 Nf6 2. c4 Nc6 3. Nf3 e6 4. Nc3 Bb4 5. Qc2 d6 6. Bd2 0-0 7. e3 e5 8. d5 Ne7 9. Bd3 c6 10. dxc6 Nxc6 11. 0-0 h6 12. a3 Bxc3 13. Bxc3 Re8 14. Nd2 Be6 15. Rfd1 Rc8 16. b4 d5 17. Rac1 d4 18. exd4 exd4 19. Bb2 a5 20. b5 Ne5 21. Re1 Qd6 22. Bf1 Red8 23. c5 Qd5 24. a4 Nfd7 25. Qe4 Rxc5 26. Rxc5 Qxc5 27. Qxd4 Qxd4 28. Bxd4 Nf6 29. Bc3 Ned7 30. Bxa5 Ra8 31. Bc3 Nd5 32. Bb2 Rxa4 1/2-1/2

[Event "IECG WC.2013.P.00002 email"]
[Site "IECG email"]
[Date "2009.02.18"]
[Round "?"]
[White "Odonel Rodrigues, Paulo"]
[Black "Turoczi, Peter"]
[Result "1/2-1/2"]
[WhiteElo "1612"]
[BlackElo "1827"]
[PlyCount "42"]
[EventDate "2009.02.18"]
[EventType "tourn (corr)"]
[EventRounds "10"]
[SourceTitle "Corr 2024"]
[Source "ChessBase"]
[SourceDate "2023.10.19"]
[SourceVersion "1"]
[SourceVersionDate "2023.10.19"]
[SourceQuality "1"]

1. e4 e6 2. d4 d5 3. Nc3 Bb4 4. e5 c5 5. a3 Bxc3+ 6. bxc3 Ne7 7. Nf3 Nbc6 8. a4 Qa5 9. Bd2 Bd7 10. Be2 Qc7 11. 0-0 0-0 12. Bd3 Nf5 13. Bc1 c4 14. Bxf5 exf5 15. Ng5 Nd8 16. Qh5 h6 17. Nh3 Qa5 18. Qf3 Re8 19. Nf4 Ne6 20. Nh5 Red8 21. h3 a6 1/2-1/2

[Event "IECG CD.2007.0.00122 email"]
[Site "IECG email"]
[Date "2008.09.23"]
[Round "?"]
[White "Champion, William R"]
[Black "Odonel Rodrigues, Paulo"]
[Result "0-1"]
[WhiteElo "1537"]
[BlackElo "1526"]
[PlyCount "54"]
[EventDate "2008.09.23"]
[EventType "tourn (corr)"]
[EventRounds "6"]
[SourceTitle "Corr 2011"]
[Source "ChessBase"]
[SourceDate "2010.08.31"]
[SourceVersion "1"]
[SourceVersionDate "2010.08.31"]
[SourceQuality "1"]

1. Nf3 Nf6 2. g3 g6 3. b4 Bg7 4. Bb2 0-0 5. Bg2 d5 6. 0-0 Qd6 7. a3 a5 8. Be5 Qd8 9. b5 Nbd7 10. d4 Nxe5 11. Nxe5 Ng4 12. Nxg4 Bxg4 13. h3 Bd7 14. Nc3 c5 15. bxc6 bxc6 16. Rb1 e5 17. e3 Qe7 18. a4 Rfb8 19. Qd2 Rb4 20. Rxb4 axb4 21. Ne2 Rxa4 22. Rb1 h5 23. f4 exd4 24. exd4 Bf5 25. Nc1 Qa7 26. Nb3 Ra2 27. Rc1 Qa3 0-1

[Event "IECG CD.2007.0.00122 email"]
[Site "IECG email"]
[Date "2008.09.23"]
[Round "?"]
[White "Odonel Rodrigues, Paulo"]
[Black "Cornell, David"]
[Result "1-0"]
[WhiteElo "1526"]
[BlackElo "1470"]
[PlyCount "57"]
[EventDate "2008.09.23"]
[EventType "tourn (corr)"]
[EventRounds "6"]
[SourceTitle "Corr 2024"]
[Source "ChessBase"]
[SourceDate "2023.10.19"]
[SourceVersion "1"]
[SourceVersionDate "2023.10.19"]
[SourceQuality "1"]

1. d4 d5 2. c4 Nf6 3. cxd5 Qxd5 4. Nc3 Qf5 5. Nf3 e6 6. e3 Nc6 7. Bd3 Qh5 8. e4 e5 9. d5 Nb4 10. Be2 Bd6 11. h3 0-0 12. Nh4 Qxh4 13. g3 Qxh3 14. Rxh3 Bxh3 15. a3 Na6 16. Bg5 Nd7 17. g4 h6 18. Bxh6 gxh6 19. Bxa6 bxa6 20. Qf3 Be7 21. Qxh3 Bg5 22. Qd3 Nf6 23. f3 Rab8 24. Na4 h5 25. gxh5 Nxh5 26. Qc3 Nf4 27. Kd1 f6 28. Qxc7 Rfc8 29. Qd7 1-0

[Event "IECG CD.2007.0.00122 email"]
[Site "IECG email"]
[Date "2008.09.23"]
[Round "?"]
[White "Zonneveld, Will"]
[Black "Odonel Rodrigues, Paulo"]
[Result "1/2-1/2"]
[WhiteElo "1366"]
[BlackElo "1526"]
[PlyCount "86"]
[EventDate "2008.09.23"]
[EventType "tourn (corr)"]
[EventRounds "6"]
[SourceTitle "Corr 2024"]
[Source "ChessBase"]
[SourceDate "2023.10.19"]
[SourceVersion "1"]
[SourceVersionDate "2023.10.19"]
[SourceQuality "1"]

1. d4 Nf6 2. c4 e6 3. g3 d5 4. Bg2 dxc4 5. Qa4+ Nbd7 6. Nc3 c5 7. Nf3 cxd4 8. Nxd4 Be7 9. 0-0 0-0 10. Qxc4 Ne5 11. Qa4 Qb6 12. Nb3 Bd7 13. Qa5 Nc6 14. Qxb6 axb6 15. Bf4 e5 16. Bxc6 bxc6 17. Bxe5 c5 18. Rad1 Bh3 19. Rfe1 Rfd8 20. Rxd8+ Bxd8 21. e4 Be6 22. f4 g6 23. f5 gxf5 24. exf5 Bd7 25. h3 Bxf5 26. Rf1 Bxh3 27. Rxf6 Bxf6 28. Bxf6 Be6 29. Nc1 Rc8 30. a3 Rc6 31. Be5 Kf8 32. Kf2 Ke7 33. Bf4 Bc4 34. Kf3 Re6 35. Bg5+ Kd7 36. N1e2 f5 37. b4 Re8 38. bxc5 bxc5 39. Be3 Kc6 40. Nc1 Rg8 41. a4 Rg7 42. Bf2 Rb7 43. Kf4 Rb8 1/2-1/2

[Event "IECG TE.2008.P.02524 email"]
[Site "IECG email"]
[Date "2008.03.15"]
[Round "?"]
[White "Odonel Rodrigues, Paulo"]
[Black "Meiners, Edwin"]
[Result "1/2-1/2"]
[WhiteElo "1548"]
[BlackElo "2076"]
[PlyCount "120"]
[EventDate "2008.03.15"]
[EventType "tourn (corr)"]
[EventRounds "12"]
[SourceTitle "Corr 2024"]
[Source "ChessBase"]
[SourceDate "2023.10.19"]
[SourceVersion "1"]
[SourceVersionDate "2023.10.19"]
[SourceQuality "1"]

1. d4 d5 2. c4 c6 3. Nc3 Nf6 4. e3 e6 5. Nf3 Nbd7 6. Qc2 Bd6 7. Bd3 0-0 8. 0-0 dxc4 9. Bxc4 Qe7 10. h3 b5 11. Bd3 Bb7 12. e4 e5 13. Bg5 a6 14. Rad1 h6 15. Be3 c5 16. dxe5 Nxe5 17. Nxe5 Bxe5 18. Nd5 Nxd5 19. Bxc5 Bd6 20. Bxd6 Qxd6 21. exd5 Bxd5 22. Rd2 Kh8 23. Bf5 Qe5 24. f4 Qe3+ 25. Kh2 Be6 26. Rf3 Qb6 27. Bxe6 Qxe6 28. Qb3 Qxb3 29. Rxb3 Rfd8 30. Rbd3 Rxd3 31. Rxd3 Rc8 32. Rd6 Rc2 33. Rxa6 Rxb2 34. Ra7 Kg8 35. f5 Rf2 36. Ra5 Rxf5 37. a4 Rf4 38. axb5 Rb4 39. Ra8+ Kh7 40. Rb8 h5 41. Kg3 h4+ 42. Kf3 g5 43. b6 Kg6 44. Ke3 Kf5 45. b7 f6 46. Kf2 Rb3 47. Kg1 Rb2 48. Kf1 Kf4 49. Rf8 Rxb7 50. Rxf6+ Ke4 51. Re6+ Kf4 52. Kf2 Rb2+ 53. Re2 Rb4 54. Re8 Rb5 55. Rf8+ Ke4 56. Re8+ Kf5 57. Rf8+ Kg6 58. Rg8+ Kf7 59. Ra8 Rb3 60. Ra6 Rc3 1/2-1/2

[Event "IECG TE.2008.P.02524 email"]
[Site "IECG email"]
[Date "2008.03.15"]
[Round "?"]
[White "Odonel Rodrigues, Paulo"]
[Black "Sherwood, Russell"]
[Result "1-0"]
[WhiteElo "1548"]
[BlackElo "1964"]
[PlyCount "80"]
[EventDate "2008.03.15"]
[EventType "tourn (corr)"]
[EventRounds "12"]
[SourceTitle "Corr 2024"]
[Source "ChessBase"]
[SourceDate "2023.10.19"]
[SourceVersion "1"]
[SourceVersionDate "2023.10.19"]
[SourceQuality "1"]

1. d4 d5 2. c4 c6 3. Nc3 Nf6 4. e3 e6 5. Nf3 Nbd7 6. Qc2 Bd6 7. Bd3 0-0 8. 0-0 dxc4 9. Bxc4 a6 10. Rd1 b5 11. Be2 Qc7 12. e4 e5 13. Bg5 exd4 14. Rxd4 Bc5 15. Rdd1 Ng4 16. Bh4 Qa7 17. Bf1 Nde5 18. Bg3 f6 19. b4 Bb6 20. a4 Nxf3+ 21. gxf3 Ne5 22. Be2 Be6 23. axb5 cxb5 24. f4 Ng4 25. Bf3 Rfc8 26. Rd3 Bd4 27. Qd2 Rxc3 28. Rxc3 Bxc3 29. Qxc3 Rc8 30. Qa3 f5 31. e5 Kf7 32. Qd3 Qc7 33. Bd5 Bxd5 34. Qxd5+ Kf8 35. Rxa6 Qc1+ 36. Kg2 Qc4 37. Qd7 Ne3+ 38. Kh3 Nd5 39. Qxf5+ Kg8 40. Qd7 Rf8 1-0

[Event "IECG TE.2008.P.02524 email"]
[Site "IECG email"]
[Date "2008.03.15"]
[Round "?"]
[White "Sherwood, Russell"]
[Black "Odonel Rodrigues, Paulo"]
[Result "0-1"]
[WhiteElo "1964"]
[BlackElo "1548"]
[PlyCount "107"]
[EventDate "2008.03.15"]
[EventType "tourn (corr)"]
[EventRounds "12"]
[SourceTitle "Corr 2024"]
[Source "ChessBase"]
[SourceDate "2023.10.19"]
[SourceVersion "1"]
[SourceVersionDate "2023.10.19"]
[SourceQuality "1"]

1. d4 d5 2. c4 c6 3. Nc3 Nf6 4. e3 e6 5. Nf3 Nbd7 6. Qc2 Bd6 7. Be2 0-0 8. 0-0 dxc4 9. Bxc4 Qc7 10. Bd2 b6 11. h3 Bb7 12. Rfd1 a6 13. e4 c5 14. d5 exd5 15. Nxd5 Nxd5 16. Bxd5 Bxd5 17. exd5 Rfe8 18. Bc3 b5 19. Ng5 g6 20. Ne4 Bh2+ 21. Kf1 b4 22. Bd2 Qe5 23. Re1 Qxd5 24. Rad1 Qc6 25. b3 Re6 26. Bxb4 Qb5+ 27. Qc4 Qxc4+ 28. bxc4 cxb4 29. Rxd7 Rc8 30. g3 Rxc4 31. Rd8+ Kg7 32. Ng5 Rxe1+ 33. Kxe1 Rc1+ 34. Rd1 Rc2 35. Rd2 Rc1+ 36. Rd1 Rc2 37. Nf3 Bxg3 38. fxg3 Rxa2 39. Rd7 b3 40. Rb7 b2 41. Kd1 a5 42. Kc2 a4 43. Ng5 a3 44. Rxf7+ Kg8 45. Rb7 Ra1 46. Rb8+ Kg7 47. Rb7+ Kf6 48. Nxh7+ Ke5 49. Rb5+ Kd4 50. Rxb2 axb2 51. Kxb2 Rf1 52. Ng5 Ke5 53. Kc2 Kf5 54. Nf7 0-1

[Event "IECG QD.2007.0.00102"]
[Site "IECG email"]
[Date "2007.09.27"]
[Round "?"]
[White "Odonel Rodrigues, Paulo"]
[Black "Couspeyre, Thierry"]
[Result "1-0"]
[WhiteElo "1526"]
[BlackElo "1468"]
[PlyCount "47"]
[EventDate "2007.09.27"]
[EventType "tourn (corr)"]
[EventRounds "6"]
[SourceTitle "Corr 2024"]
[Source "ChessBase"]
[SourceDate "2023.10.19"]
[SourceVersion "1"]
[SourceVersionDate "2023.10.19"]
[SourceQuality "1"]

1. e4 e5 2. Nf3 Nc6 3. Bb5 a6 4. Ba4 Nf6 5. 0-0 Be7 6. Re1 b5 7. Bb3 d6 8. c3 Be6 9. d4 Bxb3 10. axb3 exd4 11. cxd4 d5 12. e5 Ne4 13. Nc3 Bb4 14. Nxe4 Bxe1 15. Bg5 Bxf2+ 16. Nxf2 Qd7 17. Qc2 Nd8 18. Bxd8 Kxd8 19. Nd3 h6 20. Nc5 Qc6 21. e6 f6 22. Qg6 Re8 23. Ne5 Qb6 24. Qf7 1-0

[Event "IECG CD.2006.0.00117 email"]
[Site "IECG email"]
[Date "2007.02.11"]
[Round "?"]
[White "Martinez, Jorge A"]
[Black "Odonel Rodrigues, Paulo"]
[Result "1/2-1/2"]
[WhiteElo "1478"]
[BlackElo "1493"]
[PlyCount "75"]
[EventDate "2007.02.11"]
[EventType "tourn (corr)"]
[EventRounds "6"]
[SourceTitle "Corr 2024"]
[Source "ChessBase"]
[SourceDate "2023.10.19"]
[SourceVersion "1"]
[SourceVersionDate "2023.10.19"]
[SourceQuality "1"]

1. c4 e5 2. Nc3 Nc6 3. Nf3 Nf6 4. g3 d5 5. cxd5 Nxd5 6. Bg2 Nxc3 7. bxc3 e4 8. Ng1 Qd5 9. Qb3 Qxb3 10. axb3 Bf5 11. Ra4 0-0-0 12. Bxe4 Bxe4 13. Rxe4 Na5 14. b4 Nb3 15. Kd1 f5 16. Re5 g6 17. Kc2 Bd6 18. Re3 Nxc1 19. Kxc1 Kd7 20. Nf3 Rhe8 21. Kc2 Rxe3 22. dxe3 Ke7 23. Rb1 a6 24. c4 b6 25. Nd4 Ra8 26. Ra1 c5 27. bxc5 Bxc5 28. Kb3 Bd6 29. Nc6+ Kd7 30. Nb4 Bxb4 31. Kxb4 Kc6 32. Rd1 a5+ 33. Ka4 Re8 34. Rd5 Re4 35. Kb3 Re8 36. h4 h5 37. Rd4 Rf8 38. Rd5 1/2-1/2

[Event "IECG CD.2006.0.00117 email"]
[Site "IECG email"]
[Date "2007.02.11"]
[Round "?"]
[White "Washburn, David"]
[Black "Odonel Rodrigues, Paulo"]
[Result "0-1"]
[WhiteElo "1500"]
[BlackElo "1493"]
[PlyCount "36"]
[EventDate "2007.02.11"]
[EventType "tourn (corr)"]
[EventRounds "6"]
[SourceTitle "Corr 2008"]
[Source "ChessBase"]
[SourceDate "2008.06.24"]
[SourceVersion "1"]
[SourceVersionDate "2008.06.24"]
[SourceQuality "1"]

1. c4 e5 2. g3 Nc6 3. Bg2 Bc5 4. e3 Nf6 5. Nc3 0-0 6. a3 d6 7. Nge2 Bf5 8. d4 Bb6 9. b4 exd4 10. exd4 Bg4 11. f3 Bf5 12. c5 dxc5 13. dxc5 Qe7 14. Nd5 Nxd5 15. Qxd5 Qf6 16. Qa2 Rfe8 17. Kf2 Nd4 18. Be3 Rxe3 0-1

[Event "IECG CD.2006.0.00111 email"]
[Site "IECG email"]
[Date "2006.06.21"]
[Round "?"]
[White "Caluade, Timothy"]
[Black "Odonel Rodrigues, Paulo"]
[Result "1-0"]
[WhiteElo "1500"]
[BlackElo "1474"]
[PlyCount "67"]
[EventDate "2006.06.21"]
[EventType "tourn (corr)"]
[EventRounds "6"]
[SourceTitle "Corr 2008"]
[Source "ChessBase"]
[SourceDate "2008.06.24"]
[SourceVersion "1"]
[SourceVersionDate "2008.06.24"]
[SourceQuality "1"]

1. d4 d5 2. c4 e6 3. Nc3 Nf6 4. cxd5 exd5 5. Bg5 Be7 6. e3 0-0 7. Bd3 c6 8. Qc2 h6 9. Bh4 Re8 10. Nge2 Nbd7 11. f3 Bd6 12. e4 dxe4 13. fxe4 Be7 14. 0-0 Ng4 15. Bxe7 Qxe7 16. Qc1 Nc5 17. Bc2 Ne6 18. h3 Nf6 19. e5 Nd7 20. Ne4 Qb4 21. Qe3 Re7 22. Nd6 Ndf8 23. Qf2 Nd8 24. Ng3 Be6 25. a3 Qb6 26. Nh5 Rd7 27. Nxg7 Bb3 28. Bxb3 Qxb3 29. Ngf5 Qe6 30. Qh4 Kh8 31. Nxh6 Nh7 32. Rae1 Qe7 33. Rf6 Qf8 34. e6 1-0

[Event "IECG CD.2006.0.00111 email"]
[Site "IECG email"]
[Date "2006.06.21"]
[Round "?"]
[White "Odonel Rodrigues, Paulo"]
[Black "Casser, Aaron"]
[Result "1-0"]
[WhiteElo "1474"]
[BlackElo "1557"]
[PlyCount "67"]
[EventDate "2006.06.21"]
[EventType "tourn (corr)"]
[EventRounds "6"]
[SourceTitle "Corr 2008"]
[Source "ChessBase"]
[SourceDate "2008.06.24"]
[SourceVersion "1"]
[SourceVersionDate "2008.06.24"]
[SourceQuality "1"]

1. d4 Nf6 2. c4 g6 3. Nc3 d5 4. cxd5 Nxd5 5. e4 Nxc3 6. bxc3 Bg7 7. Nf3 c5 8. Bb5+ Nc6 9. 0-0 cxd4 10. cxd4 0-0 11. Be3 Na5 12. Rc1 Bg4 13. d5 f5 14. Be2 fxe4 15. Ng5 Bf5 16. Qa4 b6 17. g4 Bc8 18. Qxe4 Qd6 19. f4 Bb7 20. Bf3 Rfc8 21. Bd2 Ba6 22. Rfe1 Bf6 23. f5 h6 24. Ne6 g5 25. Bb4 Qd7 26. Nc7 Rxc7 27. Rxc7 Qxc7 28. d6 Qd8 29. Qe6+ Kg7 30. Bc3 exd6 31. Bd5 Qf8 32. Qd7+ Kh8 33. Bxf6+ Qxf6 34. Re8+ 1-0

[Event "IECG CD.2005.0.00101 email"]
[Site "IECG email"]
[Date "2005.10.09"]
[Round "?"]
[White "Hose, Shaun"]
[Black "Odonel Rodrigues, Paulo"]
[Result "0-1"]
[WhiteElo "1500"]
[BlackElo "1427"]
[PlyCount "54"]
[EventDate "2005.10.09"]
[EventType "tourn (corr)"]
[EventRounds "6"]
[SourceTitle "Corr 2008"]
[Source "ChessBase"]
[SourceDate "2008.06.24"]
[SourceVersion "1"]
[SourceVersionDate "2008.06.24"]
[SourceQuality "1"]

1. d4 d5 2. Nf3 Nf6 3. e3 c5 4. c3 e6 5. Nbd2 Nc6 6. Bd3 Bd6 7. 0-0 0-0 8. dxc5 Bxc5 9. e4 Bb6 10. e5 Ng4 11. Qe2 Bc7 12. Nb3 Ncxe5 13. Bc2 Nxf3+ 14. Qxf3 Qh4 15. Qh3 Qxh3 16. gxh3 Nxh2 17. Rd1 Nf3+ 18. Kh1 b6 19. Be3 Bb7 20. Bd3 d4 21. cxd4 Ng5+ 22. Kg1 Nxh3+ 23. Kf1 Nf4 24. Rac1 Nxd3 25. Rxc7 Ba6 26. Kg1 Nxb2 27. Rdc1 Nd3 0-1

[Event "IECG CD.2005.0.00101 email"]
[Site "IECG email"]
[Date "2005.10.09"]
[Round "?"]
[White "Metz, Larry R"]
[Black "Odonel Rodrigues, Paulo"]
[Result "0-1"]
[WhiteElo "1432"]
[BlackElo "1427"]
[PlyCount "42"]
[EventDate "2005.10.09"]
[EventType "tourn (corr)"]
[EventRounds "6"]
[SourceTitle "Corr 2008"]
[Source "ChessBase"]
[SourceDate "2008.06.24"]
[SourceVersion "1"]
[SourceVersionDate "2008.06.24"]
[SourceQuality "1"]

1. e4 c5 2. Nf3 Nc6 3. d4 cxd4 4. Nxd4 Nf6 5. Nc3 e5 6. Nf3 Bb4 7. Bd3 d5 8. 0-0 Bxc3 9. exd5 Qxd5 10. bxc3 Bg4 11. c4 Qd7 12. h3 Bh5 13. Bg5 e4 14. Bxf6 Bxf3 15. gxf3 gxf6 16. Bxe4 Nd4 17. Re1 0-0-0 18. Rb1 b6 19. Kh2 Qd6+ 20. Kh1 f5 21. Bd3 Qh6 0-1